Laboratory manual in physical geology / (Record no. 13671)

MARC details
000 -LEADER
fixed length control field 01154nam a2200289 i 4500
003 - CONTROL NUMBER IDENTIFIER
control field EG-ScBUE
005 - DATE AND TIME OF LATEST TRANSACTION
control field 20260401093559.0
008 - FIXED-LENGTH DATA ELEMENTS--GENERAL INFORMATION
fixed length control field 100314t2009 njuab f 000 0 eng d
020 ## - INTERNATIONAL STANDARD BOOK NUMBER
International Standard Book Number 9780136007715
020 ## - INTERNATIONAL STANDARD BOOK NUMBER
International Standard Book Number 0136007716
040 ## - CATALOGING SOURCE
Original cataloging agency EG-ScBUE
Language of cataloging eng
Description conventions rda
Transcribing agency EG-ScBUE
Modifying agency EG-ScBUE
082 04 - DEWEY DECIMAL CLASSIFICATION NUMBER
Edition number 22
Classification number 551.078
Item number LAB
245 00 - TITLE STATEMENT
Title Laboratory manual in physical geology /
Statement of responsibility, etc produced under the auspices of the American Geological Institute and the National Association of Geoscience Teachers ; Richard M. Busch, editor ; illustrated by Dennis Tasa.
250 ## - EDITION STATEMENT
Edition statement Eighth edition.
264 #1 - PUBLICATION, DISTRIBUTION, ETC. (IMPRINT)
Place of publication, distribution, etc Upper Saddle River, N.J. :
Name of publisher, distributor, etc Pearson/Prentice Hall,
Date of publication, distribution, etc [2009]
264 #4 - PUBLICATION, DISTRIBUTION, ETC. (IMPRINT)
Date of publication, distribution, etc c2009
300 ## - PHYSICAL DESCRIPTION
Extent xi, 308 pages :
Other physical details color illustrations, color maps ;
Dimensions 28 cm
336 ## - CONTENT TYPE
Source rdacontent
Content type term text
Content type code txt
337 ## - MEDIA TYPE
Media type term unmediated
Source rdamedia
Media type code n
338 ## - CARRIER TYPE
Carrier type term volume
Carrier type code nc
Source rdacarrier
650 #7 - SUBJECT ADDED ENTRY--TOPICAL TERM
9 (RLIN) 12641
Topical term or geographic name as entry element Physical geology
Form subdivision Laboratory manual.
Source of heading or term BUEsh
650 #7 - SUBJECT ADDED ENTRY--TOPICAL TERM
9 (RLIN) 12642
Topical term or geographic name as entry element Physical geology
Form subdivision Problems, exercises, etc.
Source of heading or term BUEsh
655 ## - INDEX TERM--GENRE/FORM
Form subdivision Reading book
700 1# - ADDED ENTRY--PERSONAL NAME
9 (RLIN) 12635
Personal name Busch, Richard M.,
Relator term editor.
700 1# - ADDED ENTRY--PERSONAL NAME
9 (RLIN) 12643
Personal name Tasa, Dennis,
Relator term illustrator
942 ## - ADDED ENTRY ELEMENTS (KOHA)
Source of classification or shelving scheme Dewey Decimal Classification
Koha item type Book - Borrowing
Holdings
Withdrawn status Lost status Source of classification or shelving scheme Damaged status Not for loan Collection code Home library Current library Shelving location Date acquired Source of acquisition Cost, normal purchase price Serial Enumeration / chronology Total Checkouts Full call number Barcode Date last seen Price effective from Koha item type
    Dewey Decimal Classification     Alahram Central Library Central Library First floor 14/03/2010 Purchase 225.00 37   551.078 LAB 000020195 15/07/2025 14/03/2010 Book - Borrowing